Perspectives of co-financing the Regional Development Projects. General Principles of Project Development in INTERREG IIIC

Bibliographic Details
Main Author: Laco, Peter, 1975- (Author)
Format: Article
Language:English
ISBN:809693452X

MARC

LEADER 00000naa a2200000uu 4500
001 vtls010936162
003 SK-MaSNL
005 20260302115826.0
008 210902|2005 xo |||||||||||||||||eng|
015 |a SNBRA 
035 |a (urnnbn)urn:nbn:sk:snk:ar-a0b7wu 
035 |a (uuid)141c4133-e70b-4ee9-9db5-985159eb36d1 
035 |a urn:nbn:sk:snk-aau09y 
040 |a SNKBUCL  |b slo  |c SNKBUCL  |e AACR2 
041 0 |a eng 
044 |a xo  |c SK 
100 1 |a Laco, Peter,  |d 1975-  |4 aut  |9 168715 
245 1 0 |a Perspectives of co-financing the Regional Development Projects. General Principles of Project Development in INTERREG IIIC  |c Peter Laco 
773 0 |t Region - Build  |d Bratislava : The Union of Towns and Cities of Slovakia, 2005  |g S. 53-55  |z 809693452X 
958 |a OND 
958 |a article11 
958 |a chapter 
999 |c 1266613  |d 1268543